Diálogos e investigaciones trans culturales y disciplinares /
Shranjeno v:
| Glavni avtor: | |
|---|---|
| Drugi avtorji: | , |
| Format: | Texto |
| Teme: | |
| Oznake: |
Označite
Brez oznak, prvi označite!
|
MARC
| LEADER | 00000 a a2200000 04500 | ||
|---|---|---|---|
| 001 | 3873 | ||
| 003 | |||
| 040 | |||
| 100 | |a Cano Pérez, María José | ||
| 245 | |a Diálogos e investigaciones trans culturales y disciplinares / |c María José Cano Pérez ; Beatriz Molina Rueda ; Francisco A. Muñoz | ||
| 500 | |a Resumen también en inglés | ||
| 650 | |a PAZ | ||
| 650 | |a INVESTIGACION SOBRE LA PAZ | ||
| 650 | |a MANTENIMIENTO DE LA PAZ | ||
| 650 | |a INVESTIGACION INTERDISCIPLINARIA | ||
| 700 | |a Molina Rueda, Beatriz | ||
| 700 | |a Muñoz, Francisco A. | ||
| 773 | |g volumen 11, número 34; páginas 55-81 | ||
| 999 | |c 30597 |d 30597 | ||
